=LDR 00000nam 2200000 4500 =001 000427 =005 20250710035931 =035 ##$$a 0010-0725000289 =007 ta =008 250710################a##########0#ind## =020 ##$$a 978-623-307-329-5 =082 ##$$a 398.209 598 =084 ##$$a 398.209 598 SHI m =100 #$$a Shina Sukanya =245 1#$$a Mengapa Gelembung Berbentuk Bulat /$c Sukanya Shina =250 ##$$a Cetakan Pertama 2024 =260 ##$$a Jakarta :$b Badan Pengembangan dan Pembinaan Bahasa,$c 2022 =300 ##$$a 14 hlm : $b Ilus. ; $c 29 cm =650 #4$$a Cerita Anak Indonesia - Terjemahan =650 #4$$a Literasi- Bahan Bacaan =990 ##$$a TBM01510151